000 00309nam a2200109Ia 4500
008 200302s9999 xx 000 0 und d
100 _aMichael J. Crosbie
245 _aGreen Architecture A Guide to Sustainable Design
260 _bThe American Institute of Arcitects Press
260 _c1994
300 _a187 P.,
999 _c1217
_d1217